00348pam a2200133 a 4500020002000000041000500020100002900025245008400054250000800138260002500146300000800171653002100179700001400200 a1-84038-260-0c h aCHRISTINE FRANCEeAuthor aBARBECUE (200 RECIPES FOR OUTDOOR EATING)cCHRISTINE FRANCEhTextual Documents  a1st alondonbHermes House a256 afood producation eCo-Author